| 000 | 00685nam a2200181 a 4500 | ||
|---|---|---|---|
| 008 | 101028s2003 ||||||||||||||||| || u | ||
| 020 | _a9781884829703 | ||
| 050 | _aHT 123 Bar | ||
| 100 | _aBarnett, Jonathan | ||
| 245 | 1 | 0 |
_aRedesigning cities: principles, practice, implementation _cby Jonathan Barnett |
| 260 |
_aChicago: _bPlanners Press _c2003 |
||
| 300 | _avi, 312p.: ill | ||
| 350 | _a0.00 | ||
| 650 | _aPLANNING | ||
| 650 | _aCITIES AND TOWNS--UNITED STATES | ||
| 650 | _aCITY PLANNING--UNITED STATES | ||
| 995 |
_D0.00 _FCBU-MAIN LIBRARY (Kitwe) _H1 _I0.00 _M1 _UAVAILABLE _WNov 22, 2010 _ZMain Library Open Access Collection |
||
| 999 |
_c55791 _d55791 |
||